Holiday Quiz

Random Holiday or Asia Quiz

Find the Easter Eggs XII Quiz Stats

 Plays Quiz not verified by Sporcle

Challenge
Share
Tweet
Score 0/10 Timer 01:00
0 Plays Today
% Correct
97.8%
97.6%
97.2%
96.6%
95.4%
94%
93.4%
93%
85.8%
81.8%

You're not logged in!

Compare scores with friends on all Sporcle quizzes.
Join for Free
OR
Log In

You Might Also Like...

Show Comments

Extras

Top Quizzes Today


Score Distribution

Your Account Isn't Verified!

In order to create a playlist on Sporcle, you need to verify the email address you used during registration. Go to your Sporcle Settings to finish the process.

Report this User

Report this user for behavior that violates our Community Guidelines.

Details: